000 002450000a22000970004500
100 1 _aGuerrero, Milton
245 1 0 _aUna tarea desafiante
300 _aVol. 53, Núm 235 (1998), Páginas 21-23
773 0 _tLa Biblia de las Américas
942 _cANA
999 _c51469
_d51469